[Event "DEM U12 2011"]
[Site "Oberhof GER"]
[Date "2011.06.12"]
[Round "1"]
[White "Péczely, Sebastian Zsomber"]
[Black "Hartmann, Jakob"]
[Result "1-0"]
[Termination "normal"]
[Board "3"]
[WhiteElo "1967"]
[BlackElo "1567"]
[PlyCount "53"]
[WhiteFideId "750964"]
[BlackFideId "12918067"]
[EventCountry "GER"]
[EventRounds "11"]
[EventType "swiss"]
[EventDate "2011.06.11"]

1. e4 d5 2. exd5 Qxd5 3. Nc3 Qd6 4. d4 Nf6 5. h3 c6 6. Nf3 Bf5 7. Bc4 e6 8. O-O
Nbd7 9. Nh4 Bg6 10. Nxg6 hxg6 11. Ne2 Qc7 12. Bf4 Bd6 13. Bxd6 Qxd6 14. Ng3 Nb6
15. Be2 Nbd5 16. c3 Nf4 17. Bf3 N4h5 18. Ne2 Nf4 19. Nxf4 Qxf4 20. Re1 Qc7 21.
b4 Nd5 22. c4 Nf4 23. b5 Rxh3 24. gxh3 Nxh3+ 25. Kg2 Nf4+ 26. Kf1 Nh3 27. Bg2
1-0

[Event "DEM U12 2011"]
[Site "Oberhof GER"]
[Date "2011.06.12"]
[Round "1"]
[White "Köhn, Lennart"]
[Black "Perske, Thore"]
[Result "0-1"]
[Termination "normal"]
[Board "4"]
[WhiteElo "1554"]
[BlackElo "1830"]
[PlyCount "56"]
[WhiteFideId "12938041"]
[BlackFideId "12902195"]
[EventCountry "GER"]
[EventRounds "11"]
[EventType "swiss"]
[EventDate "2011.06.11"]

1. e4 e6 2. d4 d5 3. Nc3 Bb4 4. e5 c5 5. a3 Bxc3+ 6. bxc3 Qc7 7. Bd2 f5 8. g3
Bd7 9. h4 Nc6 10. Ne2 Nge7 11. Bg2 Rc8 12. Rc1 cxd4 13. cxd4 Na5 14. c3 Nc4 15.
Ra1 O-O 16. Bg5 Rf7 17. Bf3 Nb6 18. a4 Qc4 19. Bh5 g6 20. Bxe7 Rxe7 21. Qd2
gxh5 22. Qg5+ Rg7 23. Qxh5 Be8 24. Qh6 Rg6 25. Qf4 Qc7 26. h5 Rg7 27. Qh6 Qe7
28. Nf4 Rc6 0-1

[Event "DEM U12 2011"]
[Site "Oberhof GER"]
[Date "2011.06.12"]
[Round "1"]
[White "Ovsepyan, Arshak"]
[Black "Surguchov, Alexander"]
[Result "1-0"]
[Termination "normal"]
[Board "5"]
[WhiteElo "1950"]
[BlackElo "1545"]
[PlyCount "111"]
[WhiteFideId "24690236"]
[BlackFideId "1272035"]
[EventCountry "GER"]
[EventRounds "11"]
[EventType "swiss"]
[EventDate "2011.06.11"]

1. e4 e6 2. d4 d5 3. e5 c5 4. c3 Nc6 5. Nf3 Qb6 6. a3 c4 7. Qc2 Bd7 8. Be3 Na5
9. Nbd2 Nb3 10. Nxb3 Ba4 11. Nfd2 Bxb3 12. Nxb3 cxb3 13. Qd3 a6 14. Be2 Ne7 15.
f4 Nf5 16. Bf2 Rc8 17. g4 Ne7 18. f5 f6 19. Rf1 Rc6 20. Kd2 Qc7 21. Bg3 Qd7 22.
Rae1 Nc8 23. Bd1 Be7 24. Bxb3 fxe5 25. Bxe5 Bg5+ 26. Bf4 Bxf4+ 27. Rxf4 O-O 28.
fxe6 Rxe6 29. Rxf8+ Kxf8 30. Qf5+ Ke7 31. Qg5+ Ke8 32. Rxe6+ Qxe6 33. Bxd5 Qd6
34. Qe5+ Qxe5 35. dxe5 b6 36. Bb7 Ne7 37. Bxa6 Kd7 38. Bc4 Ng6 39. e6+ Ke7 40.
h3 Nf4 41. h4 Nxe6 42. Bxe6 Kxe6 43. a4 Ke5 44. Ke3 Kd5 45. b4 Kc4 46. Ke4 h6
47. h5 Kxc3 48. a5 b5 49. a6 Kxb4 50. a7 Kc3 51. a8=Q b4 52. Qa1+ Kc2 53. Qa2+
Kc3 54. Qb1 b3 55. Qc1+ Kb4 56. Qb2 1-0

[Event "DEM U12 2011"]
[Site "Oberhof GER"]
[Date "2011.06.12"]
[Round "1"]
[White "Kempe, Anne"]
[Black "Schröder, Kevin"]
[Result "0-1"]
[Termination "normal"]
[Board "6"]
[WhiteElo "1538"]
[BlackElo "1954"]
[PlyCount "98"]
[WhiteFideId "12918083"]
[BlackFideId "12929840"]
[EventCountry "GER"]
[EventRounds "11"]
[EventType "swiss"]
[EventDate "2011.06.11"]

1. e4 c5 2. Nf3 d6 3. d4 cxd4 4. Nxd4 Nf6 5. Nc3 a6 6. Bg5 e6 7. f4 Qb6 8. Nb3
Nbd7 9. Bd3 Be7 10. Qf3 h6 11. Qh3 O-O 12. Bh4 Re8 13. O-O-O Nf8 14. Rdf1 Ng6
15. Bf2 Qc7 16. Qf3 b5 17. g4 Bb7 18. Bg3 b4 19. Ne2 d5 20. Nd2 Qa5 21. Kb1
dxe4 22. Nxe4 Bd5 23. Nc1 Rec8 24. Nxf6+ Bxf6 25. Be4 Qb5 26. Bxd5 exd5 27. g5
Bd4 28. gxh6 Qa4 29. Nb3 Bf6 30. h7+ Kxh7 31. Qxd5 Ra7 32. Qd3 Rac7 33. Rc1 Rc4
34. Rhe1 a5 35. Re4 Rxe4 36. Qxe4 Qb5 37. Nd4 Qc4 38. Bf2 a4 39. f5 Nf8 40. Qe3
Nd7 41. Nf3 Rb8 42. Bg3 Rb5 43. Rd1 b3 44. axb3 axb3 45. c3 Qa4 46. Nd2 Rc5 47.
Bd6 Qa2+ 48. Kc1 Rxc3+ 49. bxc3 Qc2# 0-1

[Event "DEM U12 2011"]
[Site "Oberhof GER"]
[Date "2011.06.12"]
[Round "1"]
[White "Dürr, Florian"]
[Black "Nguyen, Huy Dat"]
[Result "1-0"]
[Termination "normal"]
[Board "7"]
[WhiteElo "1819"]
[BlackElo "1537"]
[PlyCount "79"]
[WhiteFideId "24659134"]
[BlackFideId "12923486"]
[EventCountry "GER"]
[EventRounds "11"]
[EventType "swiss"]
[EventDate "2011.06.11"]

1. e4 c5 2. Ne2 Nc6 3. c4 g6 4. Nbc3 Bg7 5. g3 d6 6. Bg2 Nf6 7. O-O O-O 8. h3
Rb8 9. d3 a6 10. f4 b5 11. e5 Nxe5 12. fxe5 dxe5 13. cxb5 axb5 14. Be3 Qd6 15.
Ne4 Nxe4 16. dxe4 Ba6 17. Qc2 c4 18. a3 Rfd8 19. Rad1 Qc7 20. Nc3 e6 21. Qf2
Rxd1 22. Rxd1 f6 23. Qd2 Bf8 24. Na2 Be7 25. Qd7 Qxd7 26. Rxd7 Rb7 27. Rd1 Kf7
28. Nb4 Bxb4 29. axb4 Rc7 30. Bc5 Bb7 31. g4 Bc6 32. Rd6 Rc8 33. Kf2 Rc7 34.
Bf3 Rc8 35. Ke3 Rc7 36. h4 Rc8 37. g5 Rc7 38. Bb6 Rc8 39. gxf6 Kxf6 40. Bg4 1-0

[Event "DEM U12 2011"]
[Site "Oberhof GER"]
[Date "2011.06.12"]
[Round "1"]
[White "Tiedemann, Fin Niklas"]
[Black "Flüchter, Gregor"]
[Result "0-1"]
[Termination "normal"]
[Board "8"]
[WhiteElo "1525"]
[BlackElo "1822"]
[PlyCount "58"]
[WhiteFideId "12936936"]
[BlackFideId "12903396"]
[EventCountry "GER"]
[EventRounds "11"]
[EventType "swiss"]
[EventDate "2011.06.11"]

1. e4 c5 2. c3 Nf6 3. e5 Nd5 4. d4 cxd4 5. cxd4 Nc6 6. Nc3 Nb6 7. Nf3 d6 8.
exd6 exd6 9. Bb5 a6 10. Bxc6+ bxc6 11. O-O Be7 12. Re1 O-O 13. Qe2 Bf6 14. Bd2
Bg4 15. Be3 Re8 16. Qd1 d5 17. b3 c5 18. h3 Bxf3 19. gxf3 cxd4 20. Bxd4 Rxe1+
21. Qxe1 Bxd4 22. Rc1 Rc8 23. Ne2 Rxc1 24. Nxc1 g6 25. Qb4 Qg5+ 26. Kh2 Be5+
27. f4 Qxf4+ 28. Qxf4 Bxf4+ 29. Kg2 Bxc1 0-1

[Event "DEM U12 2011"]
[Site "Oberhof GER"]
[Date "2011.06.12"]
[Round "1"]
[White "Mager, Denis"]
[Black "Blösch, Christoph"]
[Result "1-0"]
[Termination "normal"]
[Board "9"]
[WhiteElo "1741"]
[BlackElo "1504"]
[PlyCount "57"]
[WhiteFideId "24691127"]
[BlackFideId "12918121"]
[EventCountry "GER"]
[EventRounds "11"]
[EventType "swiss"]
[EventDate "2011.06.11"]

1. d4 d5 2. c4 e6 3. Nc3 Nf6 4. Bg5 Be7 5. e3 O-O 6. Nf3 b6 7. Bd3 Bb7 8. O-O
Nbd7 9. Rc1 c5 10. cxd5 Nxd5 11. Bxe7 Qxe7 12. Nxd5 Bxd5 13. Qc2 h6 14. e4 Bb7
15. Qa4 Rfc8 16. Rfd1 Nf6 17. Re1 Bc6 18. Qa3 Nd7 19. d5 Bb7 20. Bc4 exd5 21.
exd5 Qd6 22. Qd3 Nf6 23. Nh4 Re8 24. Nf5 Qc7 25. d6 Qc6 26. Qg3 Nh5 27. Qg4 b5
28. Rxe8+ Rxe8 29. d7 1-0

[Event "DEM U12 2011"]
[Site "Oberhof GER"]
[Date "2011.06.12"]
[Round "1"]
[White "Spitzl, Vinzent"]
[Black "Kollars, Dmitrij"]
[Result "0-1"]
[Termination "normal"]
[Board "10"]
[WhiteElo "1701"]
[BlackElo "1830"]
[PlyCount "54"]
[WhiteFideId "12901253"]
[BlackFideId "12909572"]
[EventCountry "GER"]
[EventRounds "11"]
[EventType "swiss"]
[EventDate "2011.06.11"]

1. e4 c5 2. Nf3 d6 3. d4 cxd4 4. Nxd4 Nf6 5. Nc3 g6 6. Be3 Bg7 7. f3 O-O 8. Qd2
Nc6 9. Bc4 Bd7 10. O-O-O Rc8 11. Bb3 Ne5 12. Kb1 Nc4 13. Bxc4 Rxc4 14. g4 b5
15. Ndxb5 Qb8 16. Nd4 Rfc8 17. Ka1 Be6 18. h4 Qb4 19. Ncb5 a6 20. Qxb4 Rxb4 21.
Nc3 Nd7 22. a3 Rb7 23. Nce2 Ne5 24. b3 Nxf3 25. Kb1 Bxg4 26. Rdf1 Ne5 27. Kc1
Bxe2 0-1

[Event "DEM U12 2011"]
[Site "Oberhof GER"]
[Date "2011.06.12"]
[Round "1"]
[White "Vogel, Roven"]
[Black "Gschnitzer, Adrian"]
[Result "1/2-1/2"]
[Termination "normal"]
[Board "11"]
[WhiteElo "1759"]
[BlackElo "1590"]
[PlyCount "71"]
[WhiteFideId "12908088"]
[BlackFideId "1270337"]
[EventCountry "GER"]
[EventRounds "11"]
[EventType "swiss"]
[EventDate "2011.06.11"]

1. e4 c5 2. Nc3 Nc6 3. g3 g6 4. Bg2 Bg7 5. d3 d6 6. f4 Nf6 7. Nf3 O-O 8. O-O
Qb6 9. Kh1 Bg4 10. h3 Bxf3 11. Bxf3 Nd4 12. Bg2 Nh5 13. Kh2 Bh6 14. g4 Nxf4 15.
Bxf4 Bxf4+ 16. Rxf4 Qxb2 17. Nd5 Rfe8 18. Nc7 Nxc2 19. Rb1 Qe5 20. Qxc2 Qxf4+
21. Kh1 b6 22. Rf1 Qe5 23. Qf2 Qg7 24. Nxa8 Rxa8 25. a4 e5 26. Qa2 Re8 27. Qd5
Qf8 28. g5 Re6 29. h4 Qe8 30. Bh3 Re7 31. Qxd6 Kf8 32. Be6 Kg8 33. Bd5 Qd7 34.
Qf6 Qh3+ 35. Kg1 Qg3+ 36. Kh1 1/2-1/2

[Event "DEM U12 2011"]
[Site "Oberhof GER"]
[Date "2011.06.12"]
[Round "1"]
[White "Riehle, Marco"]
[Black "Rausch, Adrian"]
[Result "1-0"]
[Termination "normal"]
[Board "13"]
[WhiteElo "1747"]
[BlackElo "1469"]
[PlyCount "75"]
[WhiteFideId "12904392"]
[BlackFideId "12929069"]
[EventCountry "GER"]
[EventRounds "11"]
[EventType "swiss"]
[EventDate "2011.06.11"]

1. e4 c6 2. c4 d5 3. exd5 cxd5 4. cxd5 Nf6 5. Nc3 Nxd5 6. Nf3 Nc6 7. d4 Bg4 8.
Be2 e6 9. O-O Be7 10. Ne5 Bxe2 11. Nxe2 Nxe5 12. dxe5 O-O 13. f4 Qb6+ 14. Kh1
Rfd8 15. Ng3 Ne3 16. Bxe3 Rxd1 17. Bxb6 Rxf1+ 18. Nxf1 axb6 19. g3 Rc8 20. Ne3
Bc5 21. Nc4 b5 22. Nd6 Bxd6 23. exd6 Kf8 24. Rd1 Rd8 25. Rd4 Ke8 26. Rb4 Rxd6
27. Rxb5 b6 28. a4 Kd7 29. Kg2 Kc6 30. Kf3 Rd5 31. Rxd5 Kxd5 32. b4 f5 33. Ke3
h6 34. a5 g5 35. a6 Kc6 36. b5+ Kc7 37. Kd4 gxf4 38. gxf4 1-0

[Event "DEM U12 2011"]
[Site "Oberhof GER"]
[Date "2011.06.12"]
[Round "1"]
[White "Halas, Julia"]
[Black "Lagunow, Raphael"]
[Result "1/2-1/2"]
[Termination "normal"]
[Board "14"]
[WhiteElo "1424"]
[BlackElo "1711"]
[PlyCount "61"]
[WhiteFideId "12931810"]
[BlackFideId "24652644"]
[EventCountry "GER"]
[EventRounds "11"]
[EventType "swiss"]
[EventDate "2011.06.11"]

1. d4 Nf6 2. Nf3 g6 3. Bf4 Bg7 4. e3 O-O 5. Be2 d6 6. h3 Nbd7 7. c4 Re8 8. Bh2
e5 9. d5 a5 10. O-O Nc5 11. Nc3 Rf8 12. Re1 Ne8 13. e4 f5 14. Bd3 Nf6 15. exf5
gxf5 16. Bc2 Nfd7 17. Qd2 Qf6 18. Rad1 Kh8 19. Qg5 Qxg5 20. Nxg5 e4 21. Nb5 Na6
22. Nxc7 Nxc7 23. Bxd6 Ne8 24. Bxf8 Nxf8 25. b3 h6 26. Nf7+ Kg8 27. Nd8 Bf6 28.
Ne6 Nxe6 29. dxe6 Ra6 30. f3 exf3 31. Bxf5 1/2-1/2

[Event "DEM U12 2011"]
[Site "Oberhof GER"]
[Date "2011.06.12"]
[Round "1"]
[White "Angrick, Philipp"]
[Black "Klodt, Daniel"]
[Result "0-1"]
[Termination "normal"]
[Board "15"]
[WhiteElo "1834"]
[BlackElo "1390"]
[PlyCount "112"]
[WhiteFideId "12912298"]
[BlackFideId "12938068"]
[EventCountry "GER"]
[EventRounds "11"]
[EventType "swiss"]
[EventDate "2011.06.11"]

1. e4 e6 2. d4 d5 3. Nc3 Bb4 4. e5 c5 5. dxc5 Bxc5 6. Qg4 Bf8 7. Bg5 f6 8. Bh4
Qc7 9. exf6 Nxf6 10. Bxf6 gxf6 11. O-O-O Nc6 12. Bd3 Qg7 13. Qh5+ Qf7 14. Qe2
Qe7 15. Nf3 Bd7 16. Rhe1 O-O-O 17. Qf1 Qf7 18. Kb1 e5 19. Bb5 d4 20. Bc4 Be6
21. Bxe6+ Qxe6 22. Ne2 Nb4 23. Nc1 Qc6 24. Qe2 Bh6 25. a3 Bxc1 26. Rxc1 Nd5 27.
g3 Rhf8 28. Nh4 Qd7 29. Qc4+ Kb8 30. Qd3 Rc8 31. Rcd1 Rc7 32. Nf5 Rfc8 33. Rd2
Qa4 34. Nd6 Rd8 35. Ne4 Rdc8 36. c4 Nb6 37. Nxf6 Nxc4 38. Rde2 Qb5 39. Ka2 Qc6
40. Ne4 Qd5 41. b3 Na5 42. Nf6 Qf7 43. Ne4 Qd5 44. f3 Nxb3 45. Kb2 Nc1 46. Rxc1
Rxc1 47. Nf6 Qd6 48. Nxh7 Qb6+ 49. Ka2 R8c3 50. Rb2 Rxd3 51. Rxb6 axb6 52. Kb2
Rcc3 53. Ng5 Rd2+ 54. Kb1 Rxh2 55. f4 Rxg3 56. fxe5 Rg1# 0-1

[Event "DEM U12 2011"]
[Site "Oberhof GER"]
[Date "2011.06.12"]
[Round "1"]
[White "Müller, Sophie"]
[Black "Greßmann, Moritz"]
[Result "0-1"]
[Termination "normal"]
[Board "16"]
[WhiteElo "1386"]
[BlackElo "1738"]
[PlyCount "82"]
[WhiteFideId "12926698"]
[BlackFideId "24695084"]
[EventCountry "GER"]
[EventRounds "11"]
[EventType "swiss"]
[EventDate "2011.06.11"]

1. d4 d5 2. Bf4 Nf6 3. e3 c5 4. c3 Nc6 5. Bd3 Qb6 6. Qc1 c4 7. Bc2 h6 8. Nf3
Bg4 9. Nbd2 e6 10. O-O Be7 11. h3 Bxf3 12. Nxf3 O-O 13. Re1 Qd8 14. e4 Nxe4 15.
Bxe4 dxe4 16. Rxe4 Qd5 17. Re2 b5 18. a3 a5 19. Ne5 b4 20. Nxc6 Qxc6 21. Re3
Rfd8 22. Rg3 Kf8 23. Qc2 Bf6 24. Rd1 bxa3 25. bxa3 Rd5 26. Qc1 Qa4 27. Re1 Rad8
28. Ree3 e5 29. Bxh6 gxh6 30. Ref3 Bg5 31. Qe1 Qe8 32. Qe4 exd4 33. Qh7 Qe1+
34. Kh2 Qe6 35. cxd4 Rxd4 36. Rxg5 hxg5 37. Qh8+ Ke7 38. Qg7 R8d5 39. Re3 Re4
40. Rf3 Qe5+ 41. Qxe5+ Rdxe5 0-1

[Event "DEM U12 2011"]
[Site "Oberhof GER"]
[Date "2011.06.12"]
[Round "1"]
[White "Rempe, Moritz"]
[Black "Moses, Selina"]
[Result "1-0"]
[Termination "normal"]
[Board "17"]
[WhiteElo "1784"]
[BlackElo "1704"]
[PlyCount "107"]
[WhiteFideId "12906867"]
[BlackFideId "12908070"]
[EventCountry "GER"]
[EventRounds "11"]
[EventType "swiss"]
[EventDate "2011.06.11"]

1. e4 c5 2. Nf3 d6 3. d4 cxd4 4. Nxd4 Nf6 5. Nc3 a6 6. Be2 e6 7. Be3 Qc7 8. Qd2
b5 9. a3 Bb7 10. f3 Nbd7 11. Rd1 Nb6 12. Ndxb5 axb5 13. Nxb5 Qc6 14. Nxd6+ Bxd6
15. Qxd6 Na4 16. Qxc6+ Bxc6 17. Rd6 Bd7 18. Bd4 Ke7 19. e5 Nd5 20. c4 Nc7 21.
c5 Ne8 22. Ra6 Rxa6 23. Bxa6 Nc7 24. Be2 Rb8 25. b4 Nb5 26. Bxb5 Rxb5 27. Kd2
f6 28. f4 h5 29. g3 f5 30. h3 Bc6 31. Rg1 Bf3 32. Ke3 Bd5 33. g4 hxg4 34. hxg4
g6 35. gxf5 gxf5 36. Rg7+ Kd8 37. Ra7 Bb3 38. Kf3 Kc8 39. Ke3 Kb8 40. Rg7 Kc8
41. Kf3 Kb8 42. Kg3 Bc4 43. Kh4 Rb7 44. Rg8+ Kc7 45. Kg5 Kc6 46. Rc8+ Rc7 47.
Ra8 Bb3 48. Ra6+ Kb7 49. Rd6 Rc6 50. b5 Rc7 51. c6+ Kc8 52. b6 Rg7+ 53. Kf6 Rh7
54. b7+ 1-0

[Event "DEM U12 2011"]
[Site "Oberhof GER"]
[Date "2011.06.12"]
[Round "1"]
[White "Sadewasser, Lucie"]
[Black "Scholz, Robert"]
[Result "0-1"]
[Termination "normal"]
[Board "18"]
[WhiteElo "1361"]
[BlackElo "1643"]
[PlyCount "96"]
[WhiteFideId "12905445"]
[BlackFideId "1270301"]
[EventCountry "GER"]
[EventRounds "11"]
[EventType "swiss"]
[EventDate "2011.06.11"]

1. e4 e5 2. Nf3 Nc6 3. Nc3 Nf6 4. d4 exd4 5. Nxd4 Bb4 6. Nxc6 bxc6 7. Bd3 d5 8.
Bd2 O-O 9. O-O Bxc3 10. Bxc3 Nxe4 11. Bxe4 dxe4 12. Qxd8 Rxd8 13. Ba5 f6 14.
Bxc7 Rd2 15. Rac1 Bg4 16. Bf4 Rd7 17. h3 Bh5 18. Rfe1 f5 19. Be3 a5 20. b3 a4
21. b4 h6 22. a3 g5 23. Rb1 Rb8 24. Rbc1 Kf7 25. Rb1 Kf6 26. Rbc1 f4 27. Bc5
Re8 28. f3 e3 29. Rcd1 Rd2 30. Bd4+ Kf7 31. Rc1 Rxd4 32. Rcd1 Red8 33. Rxd4
Rxd4 34. Kf1 Rd2 35. c4 Bg6 36. c5 Bd3+ 37. Kg1 Ke6 38. Kh1 e2 39. Kg1 Rd1 40.
Kf2 Kd5 41. Rxe2 Bxe2 42. Kxe2 Ra1 43. Kf2 Rxa3 44. g4 Ra2+ 45. Kg1 Kd4 46. Kf1
Ke3 47. Kg1 Kxf3 48. Kh1 Kg3 0-1

[Event "DEM U12 2011"]
[Site "Oberhof GER"]
[Date "2011.06.12"]
[Round "1"]
[White "Reimers, Juri"]
[Black "Hoffmann, Christoph"]
[Result "1-0"]
[Termination "normal"]
[Board "19"]
[WhiteElo "1675"]
[BlackElo "1360"]
[PlyCount "71"]
[WhiteFideId "24661511"]
[EventCountry "GER"]
[EventRounds "11"]
[EventType "swiss"]
[EventDate "2011.06.11"]

1. e4 e6 2. d4 d5 3. Nd2 c5 4. Ngf3 cxd4 5. exd5 Qxd5 6. Bc4 Qd6 7. O-O Nc6 8.
Ne4 Qc7 9. Nxd4 Bd7 10. Nb5 Qb8 11. Nbd6+ Bxd6 12. Qxd6 Nf6 13. Rd1 Qd8 14. Nc5
b6 15. Nxd7 Qxd7 16. Qxd7+ Nxd7 17. Bb5 Rc8 18. Rd6 Ncb8 19. Bf4 Rc5 20. c4 a6
21. Bxd7+ Nxd7 22. Rad1 Rc7 23. Rxb6 Rxc4 24. Rxa6 Rc8 25. Ra7 Nb6 26. Bd6 Nd5
27. h3 h5 28. b4 Rh6 29. Rd2 g5 30. b5 Rc1+ 31. Kh2 Rb1 32. a4 g4 33. h4 Rg6
34. Rc2 Kd8 35. Rxf7 Rf6 36. Be7+ 1-0

[Event "DEM U12 2011"]
[Site "Oberhof GER"]
[Date "2011.06.12"]
[Round "1"]
[White "Rogozenco, Teodora"]
[Black "Paulsen, Alexej"]
[Result "0-1"]
[Termination "normal"]
[Board "20"]
[WhiteElo "1356"]
[BlackElo "1559"]
[PlyCount "64"]
[WhiteFideId "12938084"]
[BlackFideId "24662372"]
[EventCountry "GER"]
[EventRounds "11"]
[EventType "swiss"]
[EventDate "2011.06.11"]

1. Nf3 d5 2. d4 Nf6 3. c4 e6 4. Nc3 c6 5. Bg5 dxc4 6. a4 Bb4 7. Qc2 b5 8. e4 h6
9. Bxf6 Qxf6 10. axb5 cxb5 11. b3 Nc6 12. Rd1 Ba6 13. bxc4 bxc4 14. Ne5 Nxe5
15. Qa4+ Nd7 16. Qxb4 Rb8 17. Qa4 Rb2 18. Be2 Bb7 19. Qxc4 O-O 20. O-O Rc8 21.
Qd3 Rb3 22. Rc1 e5 23. d5 Nc5 24. Qd2 Qg6 25. Bf3 Ba6 26. Rfd1 Nd3 27. Rc2 Nf4
28. Rdc1 Qg5 29. Rb2 Rxb2 30. Qxb2 Nd3 31. Qa3 Qxc1+ 32. Qxc1 Nxc1 0-1

[Event "DEM U12 2011"]
[Site "Oberhof GER"]
[Date "2011.06.12"]
[Round "1"]
[White "Wiesner, Paula"]
[Black "Bugdahl, Felix"]
[Result "1-0"]
[Termination "normal"]
[Board "21"]
[WhiteElo "1792"]
[BlackElo "1350"]
[PlyCount "107"]
[WhiteFideId "24654019"]
[BlackFideId "12938092"]
[EventCountry "GER"]
[EventRounds "11"]
[EventType "swiss"]
[EventDate "2011.06.11"]

1. e4 c6 2. d4 d5 3. e5 e6 4. f4 c5 5. c3 Qb6 6. Nf3 Be7 7. Bd3 Nc6 8. Bc2 h6
9. O-O Bd7 10. Kh1 g5 11. dxc5 Qxc5 12. fxg5 hxg5 13. Bxg5 Bxg5 14. Nxg5 Nxe5
15. Qd4 Qc7 16. Qf4 Nh6 17. Qf6 Rf8 18. Qxh6 Ng4 19. Qh5 Qc4 20. Nd2 Qe2 21.
Bd1 Nf2+ 22. Kg1 Qxd2 23. Rxf2 Qe3 24. Bc2 O-O-O 25. Nf3 Be8 26. Qg5 Qb6 27.
Bb3 Bb5 28. Qd2 Rg8 29. Qd4 Qd6 30. c4 Bc6 31. cxd5 exd5 32. Ne5 Rh8 33. Qg4+
Kc7 34. Qf4 Rhf8 35. Nxf7 Qxf4 36. Rxf4 Rd7 37. Raf1 Bb5 38. R1f3 Re7 39. h4
Re1+ 40. Kh2 Bc6 41. Ng5 Rg8 42. Rf8 Rg6 43. R3f6 Rxf6 44. Rxf6 d4 45. Bc4 b5
46. Re6 Rd1 47. Be2 Rd2 48. Bf3 Bd7 49. Re2 Rd3 50. h5 Bf5 51. h6 Kb6 52. Be4
Bxe4 53. Rxe4 Re3 54. Rxe3 1-0

[Event "DEM U12 2011"]
[Site "Oberhof GER"]
[Date "2011.06.12"]
[Round "1"]
[White "Sherif, Amina"]
[Black "Gheng, Christian"]
[Result "1-0"]
[Termination "normal"]
[Board "22"]
[WhiteElo "1345"]
[BlackElo "1679"]
[PlyCount "119"]
[WhiteFideId "12911690"]
[BlackFideId "24660345"]
[EventCountry "GER"]
[EventRounds "11"]
[EventType "swiss"]
[EventDate "2011.06.11"]

1. e4 c5 2. Nc3 Nc6 3. f4 g6 4. Nf3 Bg7 5. Bb5 e6 6. Bxc6 bxc6 7. O-O Ne7 8. d3
d5 9. e5 O-O 10. Qe1 f6 11. Na4 Nf5 12. Qc3 c4 13. dxc4 Ba6 14. b3 fxe5 15.
fxe5 Nd6 16. Nc5 Qb6 17. Be3 Nf5 18. Bf2 d4 19. Bxd4 Nxd4 20. Qxd4 Rad8 21. Qe3
Rf5 22. Rfe1 Bc8 23. Nd4 Rxe5 24. Qg3 Rxe1+ 25. Rxe1 Bxd4+ 26. Kh1 Qxc5 27. Rd1
Qe7 28. Qd3 Bb6 29. Qf3 Rxd1+ 30. Qxd1 Qd7 31. Qc1 Qd4 32. h3 Qe3 33. Qd1 Kf7
34. Qf1+ Qf2 35. Qc1 Be3 36. Qd1 Kf6 37. Qd8+ Ke5 38. Qc7+ Kf5 39. g4+ Kg5 40.
Qd8+ Qf6 41. h4+ Kxh4 42. Qxf6+ Kxg4 43. Kg2 Bf4 44. Qh8 Ba6 45. Qxh7 Kg5 46.
Qe7+ Kf5 47. Qf7+ Ke5 48. Qxg6 c5 49. Qg7+ Kf5 50. Qxa7 Bc8 51. Qxc5+ Be5 52.
Qxc8 Bc7 53. Qxc7 e5 54. Kf3 e4+ 55. Ke3 Kg5 56. Qf4+ Kg6 57. Kxe4 Kg7 58. Qd6
Kf7 59. Kf5 Kg7 60. c5 1-0

[Event "DEM U12 2011"]
[Site "Oberhof GER"]
[Date "2011.06.12"]
[Round "1"]
[White "Böhning, Kilian"]
[Black "Trotzke, Johannes"]
[Result "1-0"]
[Termination "normal"]
[Board "23"]
[WhiteElo "1708"]
[BlackElo "1491"]
[PlyCount "55"]
[WhiteFideId "1270499"]
[BlackFideId "12918105"]
[EventCountry "GER"]
[EventRounds "11"]
[EventType "swiss"]
[EventDate "2011.06.11"]

1. e4 e6 2. d4 d5 3. exd5 exd5 4. Bd3 Bd6 5. Ne2 Nf6 6. Nbc3 c6 7. Bf4 O-O 8.
Qd2 Re8 9. O-O-O Qc7 10. f3 Be6 11. g4 a6 12. h4 b5 13. h5 c5 14. Bxd6 Qxd6 15.
dxc5 Qxc5 16. g5 Nfd7 17. Nf4 d4 18. Ne4 Qc6 19. Qb4 Ne5 20. h6 Rc8 21. Qxd4
Nxd3+ 22. Qxd3 Nd7 23. Nxe6 fxe6 24. hxg7 Ne5 25. Nf6+ Kxg7 26. Qxh7+ Kf8 27.
Qg8+ Ke7 28. Rh7+ 1-0

[Event "DEM U12 2011"]
[Site "Oberhof GER"]
[Date "2011.06.12"]
[Round "1"]
[White "Weis, Olga"]
[Black "Urban, Konstantin"]
[Result "1-0"]
[Termination "normal"]
[Board "24"]
[WhiteElo "1541"]
[BlackElo "1648"]
[PlyCount "115"]
[WhiteFideId "1270234"]
[BlackFideId "12927511"]
[EventCountry "GER"]
[EventRounds "11"]
[EventType "swiss"]
[EventDate "2011.06.11"]

1. e4 c5 2. Nf3 e6 3. c4 a6 4. Be2 Qc7 5. O-O d6 6. Nc3 Nf6 7. d4 cxd4 8. Nxd4
Nbd7 9. Be3 b6 10. Rc1 Bb7 11. f3 Rc8 12. Re1 g6 13. Qd2 h5 14. Bf1 Qb8 15. Bf2
Bg7 16. Rc2 O-O 17. Be3 Kh7 18. Nd1 Rfd8 19. Nf2 d5 20. cxd5 exd5 21. Rxc8 Rxc8
22. Bf4 Qa8 23. e5 Ng8 24. Nh3 f6 25. exf6 Ngxf6 26. Re7 Re8 27. Rf7 Rf8 28.
Ng5+ Kg8 29. Rxg7+ Kxg7 30. Nde6+ Kg8 31. Nxf8 Qxf8 32. Ne6 Qe7 33. Nc7 a5 34.
Qe3 Qc5 35. Qxc5 bxc5 36. Bd2 a4 37. Bb5 Nb6 38. Ne6 Nfd7 39. Ba5 c4 40. Bxb6
Nxb6 41. Nc5 Bc8 42. Nxa4 Nxa4 43. Bxa4 d4 44. Kf2 c3 45. bxc3 dxc3 46. Bc2 Be6
47. a3 Kg7 48. Ke3 Kf6 49. Kd4 g5 50. Kxc3 g4 51. fxg4 hxg4 52. a4 g3 53. hxg3
Bd5 54. Kd4 Bxg2 55. Be4 Bf1 56. a5 Ke6 57. Bd3 Bg2 58. a6 1-0

[Event "DEM U12 2011"]
[Site "Oberhof GER"]
[Date "2011.06.12"]
[Round "1"]
[White "Kitze, Alexander"]
[Black "Burg, Niclas"]
[Result "1-0"]
[Termination "normal"]
[Board "25"]
[WhiteElo "1717"]
[BlackElo "1311"]
[PlyCount "75"]
[WhiteFideId "12914827"]
[BlackFideId "1271968"]
[EventCountry "GER"]
[EventRounds "11"]
[EventType "swiss"]
[EventDate "2011.06.11"]

1. e4 c5 2. Nf3 Nc6 3. d4 cxd4 4. Nxd4 Nf6 5. Nc3 e5 6. Ndb5 d6 7. Bg5 a6 8.
Na3 b5 9. Bxf6 gxf6 10. Nd5 f5 11. c3 Bg7 12. exf5 Bxf5 13. Nc2 Be6 14. Nce3
O-O 15. Bd3 f5 16. O-O e4 17. Nf4 Bf7 18. Bc2 Be5 19. Ned5 Qg5 20. g3 Bxd5 21.
Qxd5+ Kh8 22. Ne6 Qh5 23. Nxf8 Rxf8 24. Qxc6 Qg6 25. f4 Bg7 26. Rad1 Rf6 27.
Qxa6 e3 28. Qxb5 Re6 29. Qe2 h5 30. Kg2 h4 31. Rh1 Bh6 32. Qf3 e2 33. Rde1 d5
34. Qxd5 Bxf4 35. Bxf5 Qg7 36. Qxe6 hxg3 37. hxg3+ Qh7 38. Rxh7# 1-0